00757 2200277 4500001002100000005001500021035002500036008004100061020002200102040001700124082001700141084001900158090002300177090002100200100002600221245006400247250001100311260003000322300003000352650002200382850001200404007000300416700001800419999002100437990002100458INLIS00000000000464520200605100939 a0010-041500000001711150428s2014 yoi gr ind d a978-979-29-3717-6 aYOPDYOGbind04222a220.9505 a220.9505 LIE m aDEP 220.9505 LIE m aCB-D.11 2014-8720 aLiem Pik Jiangd1980-00aMemeluk landak /cLiem Pik Jiang; penyunting, Desy Nathalia aCet. 13 aYogyakarta :bAndi,c2014 aviii, 54 halaman ;c19 cm 4aAlkitab--xCerita aYOPDYOGta0 aDesy Nathalia aCB-D.11/2014-872 aCB-D.11/2014-872